000 00244nam a2200097Ia 4500
001 777091
005 20250826165900.0
008 250824s9999 xx 000 0 und d
245 0 _aMASAL MASAL İÇİNDE
_cAHMET ÜMİT
260 _bEVEREST YAYINLARI
999 _c777091
_d777091